Asylum migration to the developed world: Persecution, Incentives, and policy (Record no. 514503)

000 -LEADER
fixed length control field 00445nam a22001337a 4500
008 - FIXED-LENGTH DATA ELEMENTS--GENERAL INFORMATION
fixed length control field 201110b ||||| |||| 00| 0 eng d
100 ## - MAIN ENTRY--PERSONAL NAME
Personal name Hatton, Timothy J.
245 ## - TITLE STATEMENT
Title Asylum migration to the developed world: Persecution, Incentives, and policy
260 ## - PUBLICATION, DISTRIBUTION, ETC. (IMPRINT)
Place of publication, distribution, etc The Journal of Economic Perspectives
300 ## - PHYSICAL DESCRIPTION
Extent 34(1), Winter, 2020: p.75-93
773 ## - HOST ITEM ENTRY
Main entry heading The Journal Of Economic Perspectives
906 ## - LOCAL DATA ELEMENT F, LDF (RLIN)
Subject DIP MIGRATION
942 ## - ADDED ENTRY ELEMENTS (KOHA)
Item type Articles
Holdings
Withdrawn status Lost status Source of classification or shelving scheme Damaged status Not for loan Permanent location Current location Date acquired Serial Enumeration / chronology Barcode Date last seen Koha item type
          Indian Institute of Public Administration Indian Institute of Public Administration 2020-11-10 34(1), Winter, 2020: p.75-93 AR123497 2020-11-10 Articles

Powered by Koha